000 00920nam a2200277 i 4500
001 bg
100 1 _aKOZŁOWIECKI, Henryk
245 1 0 _aŁożyska mechanizmu korbowego tłokowych silników spalinowych i ich smarowanie /
_cHenryk Kozłowiecki, Anna Krzymień.
260 _aPoznań :
_bWydaw. Politechniki Poznańskiej,
_c1997.
300 _a149 s. :
_bfot., rys., wykr. ;
_c24 cm.
504 _aBibliogr. s. 147-149.
650 9 _aŁożyska ślizgowe
_xmechanika
650 9 _aSilniki spalinowe
_xbudowa i konstrukcje
650 9 _aSilniki spalinowe
_xobsługa i eksploatacja
650 9 _aSmary
_xstosowanie
650 9 _aWały
_xmechanika
655 _aPodręczniki akademickie
700 1 _aKRZYMIEŃ, Anna
020 _a8371431236
040 _cBPK
041 0 _apl
080 _a621.822:621.43:621.89](075.8)
920 _a83-7143-123-6
942 _cKS
008 s pl f |000 0 pol
999 _c32609
_d32609
856 _uhttp://koha.tu.koszalin.pl/cgi-bin/koha/opac-detail.pl?biblionumber=32609
_yKatalog online BPK